000 00868nam a22002177a 4500
005 20180703145611.0
010 _a1718EN-30 ENG-121824 B-688284-293
020 _c85.00
_a9788126049967
035 _aEN-105356
035 _aB-688284-293
037 _bSahitya Akadmi
_adpl
037 _bDBAD/PUB
082 _a881
245 _aLike mist through valleys :
_ctranslated by Shiva Prakash
_bMabbina haage kaniveyaasi /
260 _aNew Delhi
_bSahitya Academi
_c2016
270 _bNew Delhi
_aRabindra Bhawan, 35, Fiiroz Shah Marg
_e110001
300 _a48p.
_c21cm(pbk)
700 _aPrakash, Shiva
942 _2ddc
_cEN
_mLIK
_h881
999 _c146207
_d146207